| 000 | 01059cam a22002894a 4500 | ||
|---|---|---|---|
| 999 |
_c9040 _d9040 |
||
| 001 | 1214125 | ||
| 003 | GBCCL | ||
| 005 | 20241126110704.0 | ||
| 008 | 990525s1999 miu b 001 0 eng | ||
| 010 | _a 99032615 | ||
| 020 | _a0802846688 (pbk. : alk. paper) | ||
| 040 |
_aDLC _cDLC _dDLC |
||
| 042 | _apcc | ||
| 050 | 0 | 0 |
_aBR1640 _b.W55 1999 |
| 082 | 0 | 0 |
_a230.044 _221 _bWIL |
| 100 | 1 |
_aWilliams, Daniel H. _915778 |
|
| 245 | 1 | 0 |
_aRetrieving the tradition and renewing evangelicalism : _ba primer for suspicious Protestants / _cD.H. Williams. |
| 260 |
_aGrand Rapids, Mich. : _bW.B. Eerdmans Pub., _cc1999. |
||
| 300 |
_aix, 243 p. ; _c23 cm. |
||
| 504 | _aIncludes bibliographical references and index. | ||
| 650 | 0 |
_aEvangelicalism. _9178 |
|
| 650 | 0 |
_aTradition (Theology) _915326 |
|
| 650 | 0 |
_aFathers of the church. _93045 |
|
| 906 |
_a7 _bcbc _corignew _d1 _eocip _f19 _gy-gencatlg |
||
| 942 |
_2ddc _cBK _01 |
||